Films de guerre par images - Statistiques

Statistiques générales
  • Ce quiz a été pris 49 fois
  • Le résultat moyen est 7 sur 17
Statistiques - réponses
Par images Réponse % Correct
Rambo
82%
Dunkerque
71%
Il Faut Sauver le Soldat Ryan
71%
American Sniper
68%
Full Metal Jacket
63%
1917
58%
Apocalypse Now
47%
Tu ne Tueras Point
47%
Fury
39%
La Chute du Faucon Noir
34%
La Ligne Rouge
34%
Démineurs
32%
13 Heures
26%
Indigènes
26%
Les Sentiers de la Gloire
26%
Horse Soldiers
11%
Voyage au Bout de l'enfer
11%
Aucun quiz correspondant
Distribution des résultats
% des personnes avec chaque résultat
Percentile par nombre de réponses
Votre historique - résultats
Vous n’avez pas pris ce quiz